Dzidziso YeKirike Katorike (Record no. 120071)
[ view plain ]
| 000 -LEADER | |
|---|---|
| fixed length control field | 00573nam a22001577a 4500 |
| 008 - FIXED-LENGTH DATA ELEMENTS--GENERAL INFORMATION | |
| fixed length control field | 140217b xxu||||| |||| 00| 0 eng d |
| 020 ## - INTERNATIONAL STANDARD BOOK NUMBER | |
| International Standard Book Number | 9780797494039 |
| 050 ## - LIBRARY OF CONGRESS CALL NUMBER | |
| Classification number | BX1959.3.N4.C737 |
| 110 ## - MAIN ENTRY--CORPORATE NAME | |
| Corporate name or jurisdiction name as entry element | Catholic Church |
| 9 (RLIN) | 8695 |
| 245 ## - TITLE STATEMENT | |
| Title | Dzidziso YeKirike Katorike |
| Remainder of title | compendium of the catechism of the Catholic Church / |
| Statement of responsibility, etc | Catholic Church; translated by Dr. Aleta Dube SJI |
| 260 ## - PUBLICATION, DISTRIBUTION, ETC. (IMPRINT) | |
| Place of publication, distribution, etc | Plumtree |
| Name of publisher, distributor, etc | IIizwi Publications |
| Date of publication, distribution, etc | 2013 |
| 300 ## - PHYSICAL DESCRIPTION | |
| Extent | xii, 168p. |
| Dimensions | 21cm. |
| 650 ## - SUBJECT ADDED ENTRY--TOPICAL TERM | |
| Topical term or geographic name as entry element | Catholic Church |
| General subdivision | Catechism |
| -- | Ndebele |
| 9 (RLIN) | 8696 |
| 700 ## - ADDED ENTRY--PERSONAL NAME | |
| Personal name | Dube, Aleta (tr) |
| 9 (RLIN) | 8697 |
| 942 ## - ADDED ENTRY ELEMENTS (KOHA) | |
| Source of classification or shelving scheme | Library of Congress Classification |
| Item type | Monograph ( Printed materials) |
| Withdrawn status | Lost status | Source of classification or shelving scheme | Damaged status | Not for loan | Home library | Current library | Shelving location | Date acquired | Total Checkouts | Full call number | Barcode | Date last seen | Price effective from | Koha item type |
|---|---|---|---|---|---|---|---|---|---|---|---|---|---|---|
| Library of Congress Classification | ARRUPE LIBRARY | ARRUPE LIBRARY | Main Collection | 17/02/2014 | BX1959.3.N4.C737 | 46500002294 | 22/11/2017 | 17/02/2014 | Monograph ( Printed materials) |